| 000 | 01088nam a22002777a 4500 | ||
|---|---|---|---|
| 005 | 20101206113148.0 | ||
| 008 | 101206t xxu||||| |||| 00| 0 hin d | ||
| 010 | _aHIN-93281 | ||
| 020 |
_c200.00 _a81902512111 |
||
| 035 | _aHN-65627 | ||
| 037 | _bDBAD/PUB | ||
| 040 |
_aDPL _bHN |
||
| 082 | _aउ | ||
| 100 |
_924598 _aगुप्ता, दया |
||
| 245 |
_aगुरूदक्षिणा / _cदया गुप्ता |
||
| 246 |
_aGurudakshina _bby Daya Gupta |
||
| 260 |
_aदिल्ली _bअग्रगामी प्रकाशन _c2010 |
||
| 270 |
_bदिल्ली _aबी-8, नवीन शाहदरा _e110032 |
||
| 300 |
_a120पृ. _c22सेमी (सजिल्द) |
||
| 650 |
_91169 _aहिन्दी कथा साहित्य |
||
| 650 |
_929580 _aHindi Novel |
||
| 700 | _924599 | ||
| 700 | _924924 | ||
| 942 |
_2ddc _cHN _mगुप्ताद _hउ |
||
| 999 |
_c54072 _d54072 |
||